| 000 | 01465cad a2200265 4500 | ||
|---|---|---|---|
| 001 | L158880 | ||
| 008 | 100215n2013 000 0 eng u | ||
| 020 | _a9781783210305 | ||
| 035 | _a(Sirsi) u158880 | ||
| 041 | _aeng | ||
| 100 | 1 | _aHulicki, Maciej | |
| 111 | 2 |
_aConstruction and Building Research Conference _cIIT Delhi, New Delhi _d10-12 September 2013 |
|
| 245 | 0 | 0 |
_aPrivate enforcement as a tool against the cartels in the construction market _bThe European perspective _h[electronic resource] |
| 260 |
_aLondon _bRICS _c2013 |
||
| 490 | 0 |
_aCOBRA _v2013 |
|
| 520 | _aA paper presented at the COBRA Conference in New Delhi on 10-12 September 2013. Looks at private enforcements as an effective tool in the fight against cartels. It can serve both compensating and deterring functions, and successfully unburden public authorities. The ECJ?s case law prepared foundation for the European model of private enforcement. As private suits in competition cases are not very common in Europe, sparse case law provides valuable deliberations on substantive nevertheless still unresolved, legal matters. It also contains guidelines on successful application of private enforcement. | ||
| 650 | 2 | 4 | _aCONSTRUCTION AND BUILDING RESEARCH CONFERENCE (COBRA) |
| 650 | 2 | 4 | _aPRIVATE ENFORCEMENT |
| 650 | 2 | 4 | _aCARTELS |
| 650 | 2 | 4 | _aEUROPEAN COURT OF JUSTICE |
| 650 | 2 | 4 | _aCOMPETITION RULES |
| 651 | 4 | _aEUROPEAN UNION | |
| 690 | _aBUILT ENVIRONMENT | ||
| 942 | _n0 | ||
| 999 |
_c115563 _d115563 |
||